| 000 | 00596nam a22002177a 4500 | ||
|---|---|---|---|
| 003 | BUBTL | ||
| 008 | 231228b ||||| |||| 00| 0 eng d | ||
| 020 | _a9788131252611 | ||
| 041 | _aEnglish | ||
| 082 |
_222nd _a340.59/ M91p/ 2017 |
||
| 100 |
_92418 _aMulla, Dinshaw Fardunji |
||
| 245 |
_aMulla Principles of Mahomedan Law : _bDinshaw Fardunji Mulla |
||
| 250 | _a22nd | ||
| 260 |
_aNew Delhi _bLexisNexis _cc2017 |
||
| 300 |
_aclxxv, 665 p. : _bill. ; 21 cm. |
||
| 526 | _aLaw | ||
| 650 | 0 |
_926 _aLaw |
|
| 856 |
_k0 _l0 _yDownload |
||
| 942 |
_2ddc _cBK |
||
| 999 |
_c7182 _d7182 |
||